Datum a čas kvízu
31
Celkem bodů
Celkový počet nahraných bodů na tomto kvízu bez doplňovacích otázek.
5.
Pořadí na kvízu
Konečné umístění týmu na tomto kvízu.
Zaznamenané odpovědi
| # | Otázka | Odpověď | Body | Výsledky |
|---|---|---|---|---|
| 1. | Ministerstvo vnitra připustilo... | Denisa Rohanová | 0 | |
| 2. | Minulý týden bylo oznámeno obn... | Moskvič | 1 | |
| 3. | V úterý se v pražském Kině Luc... | Král Šumavy | 0 | |
| 4. | V pondělí, po pěti dnech letu,... | Orion | 1 | |
| 5. | Ve dvou úvodních zápasech kter... | Polsko | 0 | |
| 6. | V následujících pěti otázkách... | C) 5,68 půllitrů | 0 | |
| 7. | Která z následujících jednotek... | B | 0 | |
| 8. | Na lidské tělo, jehož odpor je... | 300 V | 0 | |
| 9. | Přiřaďte tyto jednotky k přísl... | 1D 2A 3B 4C | 0 | |
| 10. | Uzel je jednotka rychlosti pou... | B | 1 |